00968nam a2200205 a 450000100100000000500170001000800410002704000250006824500810009326000440017430000200021849000310023871001030026983000370037204900090040995201110041895201110052995201050064099900170074500002970420230308115615.0110425s1998 dr 000 0 spa d aDO-SdBNPbspacBNPHU00aCódigo de conducta para funcionarios encargados de hacer cumplir la ley /. aSanto Domingo :bEditora Lozano,c1998. a14 p. ;c22 cm.1 aCuadernos de la reformav21 aRepública Dominicana.bComisionado de Apoyo a la Reforma y Modernización de la Justicia917179 0aCuaderno de la reformav2956500 aBNPD 0010718DSaGRbGRcCTd2011-04-25iLF1l0o p29704-10r2020-06-25te. 3w2020-06-25yLFDSZNo se presta 0010718PDaPDbPDcCTd2011-04-25iLF1l0o p29704-20r2020-06-25te. 2w2020-06-25yLFPDZNo se presta 0010718PDaPDbPDcCTd2011-04-25iLF1l0o p29704-30r2020-06-25w2020-06-25yLFPDZNo se presta c29196d29196